All Things Armenia - Statistics

General Stats
  • This quiz has been taken 12 times
  • The average score is 5 of 15
Answer Stats
Hint Answer % Correct
Capital? Yerevan
100%
Currency? Dram
83%
What Region Is It In? Caucasus
67%
Armenia in Armenian? Hayastan
58%
National Sport? Chess
42%
When Was It Founded? 1991
25%
Language in Armenian? Hayeren
25%
Biggest Export? Copper
17%
National Animal? Golden Eagle
17%
National Dish? Harissa
17%
What Was It Called Before? Hayk
17%
Leader? Vahagn Khachaturyan
8%
Biggest Lake? Van Lake
8%
Biggest River? Aras
0%
Main Religion? Christain
0%
No matching quizzes found
Score Distribution
Percent of People with Each Score
Percentile by Number Answered
Your Score History
You have not taken this quiz